LEADER 01398nam a2200289 a 4500 001 000000126003 003 CaOOAMICUS 005 20110713153456.0 008 110713s2011 gw afe u000 u ger r 020 $a978-3-402-10805-5 040 $aPUL$bita 100 1 $aDassmann, Ernst,$d1931-$0(OLS)http://pul/name/10331 245 10$aAusgewählte kleine Schriften zur Patrologie, Kircchengeschichte und christlichen Archäologie /$cErnst Dassmann ; hrsg. von Georg Schöllgen. 260 $aMünster Westfalen :$bAschendorff,$c2011. 300 $a607 p., 19 c. di tav. :$bill., piante ;$c28 cm 490 1 $aJahrbuch für Antike und Christentum.$aErgänzungsband ;$v37 504 $aBibliografia in nota. 650 4$aArcheologia.$0(OLS)http://pul/subject/9411 700 1 $aSchöllgen, Georg.$0(OLS)http://pul/name/65647 830 0$aJahrbuch für Antike und Christentum.$pErgänzungsband ;$v37.$0(OLS)http://pul/title/4088 850 $aPUL 852 $aPUL$W1$xSL Riviste Correnti$y14$m281. 05 Riv.3.37$j145199$aV. 37$qPeriodici$B144197$CPULBib$Z2$F144197 $82 941 1 $a5 996 $6020$a978-3-402-10805-5$9(OLS)http://pul/number/147755 996 $6245$aAusgewählte kleine Schriften zur Patrologie, Kircchengeschichte und christlichen Archäologie$9(OLS)http://pul/title/159060 996 $6260$aMünster Westfalen :$bAschendorff$9(OLS)http://pul/publisher/48269 LEADER 01354namaa2200337 i 4500 001 000000178492 003 CaOOAMICUS 005 20260213122756.0 007 tu 008 260213s1966 it boe 000 u ita r 040 $aPUL$bita$erda 082 0 $a940.54 100 1 $aKuby, Erich,$d1910-2005,$eautore.$0(OLS)http://pul/name/114858 245 12$aI russi a Berlino :$bla fine del Terzo Reich /$cErich Kuby. 264 4$c©1966. 264 1$aTorino :$bEinaudi,$c[1966] 300 $a391 pagine, [5] carte di tav. :$bcarte geografiche, fotografie, piante ; $c22 cm 336 $atesto$btxt$2rdacontent 337 $asenza mediazione$bn$2rdamedia 338 $avolume$bnc$2rdacarrier 490 1 $aSaggi ;$v378 650 04$aGuerra mondiale, 1939-1945$zGermania.$0(OLS)http://pul/subject/1335 830 0$aSaggi (Einaudi) ;$v378.$0(OLS)http://pul/title/9841 850 $aPUL 852 $aPUL$W1$xDP1 Fondo Liberati$y125$m5 D 4$j188749$qFondi$B207614$CPULBib$Z2$F207614 $HLib251 $82 941 1 $a1 996 $6082$a940.54$9(OLS)http://pul/classification/579 996 $6245$aI russi a Berlino :$bla fine del Terzo Reich$9(OLS)http://pul/title/220085 996 $6264$aTorino :$bEinaudi$9(OLS)http://pul/publisher/48130 996 $6264$a[S.l.] :$b[s.n.]$9(OLS)http://pul/publisher/0